Evaluación económica, impacto urbano y procedimientos constructivos generados por la creación del edificio anexo al Museo Franz Mayer. (Record no. 5742)

MARC details
000 -CABECERA
campo de control de longitud fija 00870nam a2200229 a 4500
001 - NÚMERO DE CONTROL
campo de control BRCA_6055
005 - FECHA Y HORA DE LA ÚLTIMA TRANSACCIÓN
campo de control 20190320205321.0
008 - DATOS DE LONGITUD FIJA--INFORMACIÓN GENERAL
campo de control de longitud fija 120608s2002----mx-a---###---#000-0#spa-#
041 ## - CÓDIGO DE LENGUA
Código de lengua del texto/banda sonora o título independiente spa
044 ## - CÓDIGO DEL PAÍS DE LA ENTIDAD EDITORA/PRODUCTORA
Código MARC del país mx
050 #4 - SIGNATURA TOPOGRÁFICA DE LA BIBLIOTECA DEL CONGRESO
Número de clasificación N910.M42
Número de documento/Ítem .C47 2002
100 1# - ENTRADA PRINCIPAL--NOMBRE DE PERSONA
Nombre de persona Cervantes Lizarriturri, Alejandro
9 (RLIN) 15279
245 10 - MENCIÓN DE TÍTULO
Título Evaluación económica, impacto urbano y procedimientos constructivos generados por la creación del edificio anexo al Museo Franz Mayer.
260 ## - PUBLICACIÓN, DISTRIBUCIÓN, ETC.
Lugar de publicación, distribución, etc. Ciudad de México
Fecha de publicación, distribución, etc. 2002
300 ## - DESCRIPCIÓN FÍSICA
Extensión 182 p.
Otras características físicas il., planos, tablas
502 ## - NOTA DE TESIS
Nota de tesis Tesis Licenciatura (Ingeniero Civil) UNAM, Facultad de Ingeniería
610 24 - PUNTO DE ACCESO ADICIONAL DE MATERIA--NOMBRE DE ENTIDAD CORPORATIVA
Nombre de entidad corporativa o nombre de jurisdicción como elemento de entrada Museo Franz Mayer (Ciudad de México)
Subdivisión de forma Edificio anexo
Subdivisión general Proyecto arquitectónico
9 (RLIN) 15280
700 1# - PUNTO DE ACCESO ADICIONAL--NOMBRE DE PERSONA
Nombre de persona Santín Blasco, Adrián
Término indicativo de función/relación Coautor
9 (RLIN) 15281
700 1# - PUNTO DE ACCESO ADICIONAL--NOMBRE DE PERSONA
Nombre de persona Trejo Hernández, Marcos
Término indicativo de función/relación asesor
9 (RLIN) 15282
902 ## - CATALOGADOR
Iniciales TES
942 ## - ELEMENTOS DE PUNTO DE ACCESO ADICIONAL (KOHA)
Fuente del sistema de clasificación o colocación Library of Congress Classification
Tipo de ítem Koha Tesis
Holdings
Estado de retiro Estado de pérdida Estado dañado No para préstamo Localización permanente Ubicación/localización actual Fecha de adquisición Total de préstamos Signatura topográfica completa Código de barras Fecha visto por última vez Precio válido a partir de Tipo de ítem Koha
El ejemplar forma parte de la colección y puede ser consultado según las políticas vigentes.       Biblioteca del Museo Franz Mayer (Rogerio Casas-Alatriste) Biblioteca del Museo Franz Mayer (Rogerio Casas-Alatriste) 24/05/2011   N910.M42 .C47 2002 TES00021 22/03/2019 22/03/2019 Tesis